各种白酒原产于哪里?Where do China liquors originate from? - Statistics

General Stats
  • This quiz has been taken 56 times
  • The average score is 10 of 37
Answer Stats
白酒 原产地 % Correct
茅台 遵义
96%
五粮液 宜宾
85%
汾酒 吕梁
83%
牛栏山 北京
67%
老白干 衡水
60%
习酒 遵义
58%
洋河 宿迁
54%
西凤酒 宝鸡
54%
剑南春 绵阳
40%
古井贡酒 亳州
37%
郎酒 泸州
35%
江小白 重庆
33%
水井坊 成都
25%
国台 遵义
19%
河套酒 巴彦淖尔
19%
金沙 毕节
17%
酒鬼酒 湘西
17%
伊力特 伊犁
17%
口子窖 淮北
15%
稻花香 宜昌
15%
白云边 荆州
13%
天佑德 海东
13%
董酒 遵义
12%
今世缘 淮安
12%
珍酒 遵义
12%
迎驾贡酒 六安
12%
老村长 哈尔滨
12%
舍得酒 遂宁
8%
九江 佛山
8%
四特 宜春
6%
赊店老酒 南阳
6%
滨河 张掖
6%
国井 淄博
4%
潭酒 泸州
2%
丰谷 绵阳
2%
丹泉 河池
2%
福矛 南平
2%
No matching quizzes found
Score Distribution
Percent of People with Each Score
Percentile by Number Answered
Your Score History
You have not taken this quiz